MARC

LEADER 00000nam0a2200000 4500
001 351115
005 20231102010354.0
035 |a (RuTPU)RU\TPU\retro\5713 
090 |a 351115 
100 |a 20190409d1975 m y0rusy50 ca 
101 0 |a rus 
102 |a RU 
105 |a a z 000zd 
200 1 |a Записки актера  |f М. М. Садовский 
210 |a Москва  |c Искусство  |d 1975 
215 |a 304 с.  |c ил. 
600 1 |a Садовский  |b М. П.  |g Михаил Прович  |c русский актер  |f 1847-1910  |2 stltpush  |3 (RuTPU)RU\TPU\pers\12585 
600 1 |a Мейерхольд  |b В. Э.  |c российский режиссер  |c актер  |f 1874-1940  |g Всеволод Эмильевич  |c педагог  |2 stltpush  |3 (RuTPU)RU\TPU\pers\13438 
600 1 |a Садовский  |b П. М.  |c русский актер, родоначальник актерской династии  |f 1818-1872  |g Пров Михайлович  |2 stltpush  |3 (RuTPU)RU\TPU\pers\43458 
600 1 |a Яблочкина  |b А. А.  |c русская и советская театральная актриса, педагог  |f 1866-1964  |g Александра Александровна  |2 stltpush  |3 (RuTPU)RU\TPU\pers\43459 
600 1 |a Остужев (Пожарский)  |b А. А.  |c российский советский актер  |f 1874-1953  |g Александр Алексеевич  |2 stltpush  |3 (RuTPU)RU\TPU\pers\43460 
601 0 2 |a Государственный академический Малый театр  |2 stltpush  |3 (RuTPU)RU\TPU\col\25637 
606 1 |a Актеры  |2 stltpush  |3 (RuTPU)RU\TPU\subj\1657  |9 30390 
606 1 |a Театр  |2 stltpush  |3 (RuTPU)RU\TPU\subj\58738  |9 76490 
610 1 |a творчество 
610 1 |a биографии 
675 |a 791.44.071.2  |v 4 
675 |a 792  |v 4 
700 1 |a Садовский  |b М. М.  |c советский актер театра и кино  |f 1909-1977  |g Михаил Михайлович  |2 stltpush  |3 (RuTPU)RU\TPU\pers\43461 
801 1 |a RU  |b 63413507  |c 20190409 
942 |c BK